| 000 | 00347 a2200145 4500 | ||
|---|---|---|---|
| 001 | 72719 | ||
| 020 | _a | ||
| 040 | _cAnchieta - Colégio São Paulo | ||
| 240 | 1 | 0 |
_aEstrelas e planetas _lpor |
| 245 | 1 | 0 | _aEstrelas e planetas |
| 300 | _a59 | ||
| 362 | 0 | _a1990 | |
| 650 | 4 | _aEnciclopédias gerais de línguas espanhola e portuguesa | |
| 942 | _cBK | ||
| 999 |
_c72719 _d72719 |
||